| 000 | 00000nas 2200000za 4500 |
| 001 | 9.869648 |
| 003 | CaOODSP |
| 005 | 20221107162915 |
| 007 | cr ||||||||||| |
| 008 | 190311d20012003oncar p oss||f0 b0fre| |
| 040 | |aCaOODSP|bfre |
| 043 | |an-cn-on |
| 086 | 1 |aNH12-91/1F-PDF |
| 130 | 0 |aRapport sur les logements locatifs. |pWindsor (En ligne) |
| 222 | 0|aRapport sur les logements locatifs. Windsor |
| 245 | 10|aRapport sur les logements locatifs. |pWindsor |h[ressource électronique]. |
| 260 | |a[Ottawa] : |bSociété canadienne d'hypothèques et de logement, |c[2001-2003] |
| 310 | |aAnnuel |
| 362 | 0 |aOct. 2001-enquête d'oct. 2003. |
| 500 | |aTitre de départ. |
| 500 | |aPublié aussi en anglais sous le titre : Rental market report. Windsor. |
| 692 | 07|2gccst|aLogement |
| 692 | 07|2gccst|aLocation |
| 692 | 07|2gccst|aTaux |
| 710 | 2 |aSociété canadienne d'hypothèques et de logement. |
| 775 | 08|tRental market report. |w(CaOODSP)9.504584 |
| 785 | 00|tRapport sur le marché locatif. |w(CaOODSP)9.500999 |